000 00299nam a22001337a 4500
008 171020b xxu||||| |||| 00| 0 eng d
020 _a9780071221092
041 _aeng
080 _a338
100 _a58
101 _aMEN
245 _aMANGEMENT INFORMATION SYTEMS
_cMARAKAS.O
942 _2udc
_cBK
999 _c35147
_d35147